Statistics for Word Scramble Geography by Letter - E

Click here to take the quiz!

General Stats

  • This quiz has been taken 348 times
  • The average score is 8 of 10

Answer Stats

Answer% Correct
Ecuador
100%
Egypt
100%
Equator
100%
Eswatini
96%
Europe
96%
East
91%
Ethiopia
90%
Euro
88%
England
87%
Eritrea
87%
Everest
82%
Edmonton
80%
El Salvador
79%
Estonia
78%
Etna
77%
Equatorial Guinea
75%
Edinburgh
72%
Everglades
71%
Elbrus
67%
El Paso
53%
Euphrates
43%

Score Distribution

Percentile by Number Answered

Percent of People with Each Score

Your Score History

You have not taken this quiz